000 00897 a2200229 4500
003 Nust
005 20221118115405.0
010 _a 91025482
020 _a0471510009 (alk. paper)
040 _cNust
082 0 0 _a515,BAR
100 1 _aBartle, Robert Gardner,
_995850
245 1 0 _aIntroduction to real analysis /
_cRobert G. Bartle, Donald R. Sherbert.
250 _a2nd ed.
260 _aNew York :
_bWiley,
_cc1992.
300 _axi, 404 p. :
_bill. ;
_c24 cm.
505 _aThe RiemPreliminaries (Page-1), The Real Numbers (Page-22), Sequences (Page-67), Limits (Page-110), Continuous Functions (Page-140), Differentiations (Page-183), ann Integral (Page-229), Infinite Series (Page-316), The Topology (Page-346).
650 0 _aFunctions of real variables.
_935586
650 0 _aMathematical analysis.
700 1 _aSherbert, Donald R.,
_d1935-
_995851
942 _cREF
_2ddc
_k515,BAR
999 _c175354
_d175354